000 00563nam a2200157 4500
999 _c17434
_d17434
008 221018b ||||| |||| 00| 0 eng d
020 _a9781984658548
082 _22022
_aDC 658.4
_bT413
245 _aInformation technology system administration /
_c3G E-Learning LLC.
260 _aU.S.A. :
_b3G E-Learning LLC,
_c©2022.
300 _axiv, 341 pages :
_bcolor illustrations ;
_c25 cm.
500 _aIncludes bibliographical references and index.
650 _aManagement information systems.
_946410
710 _a3G E-Learning LLC.
_932905
942 _2ddc
_cDC